| 000 | 01456naa a22003617a 4500 | ||
|---|---|---|---|
| 001 | BR8300859 | ||
| 003 | BR-BrBNA | ||
| 005 | 20250721143219.0 | ||
| 007 | ta | ||
| 008 | 250630b bl.|||m| |||| 00| 0 por d | ||
| 040 |
_aBR-BrBNA _bpor _cBiblioteca Nacional de Agricultura |
||
| 041 | _a(Pt) | ||
| 072 |
_aF60 _b0336 _b9543 _b9205 |
||
| 090 | _aF60 BR8300859 | ||
| 100 | 1 | _aFaraco, M.H. | |
| 100 | 1 | _aMoraes, R.M. de | |
| 100 | 1 | _aTeixeira, J.P.F. | |
| 100 | 1 | _aSilva, M.T.R. da | |
| 100 | 1 | _aMascarenhas, H.A.A. | |
| 111 | 1 |
_a2. Seminario Nacional de Pesquisa de Soja _cBrasilia, DF (Brazil) _d16 Feb 1981 |
|
| 245 | 1 | _aInfluencia de anos agricolas sobre a composicao e acumulo de oleo em graos de soja cv. Santa Rosa [Glycine max] | |
| 246 | 1 | _aYear effect on oil quantity and quality of the soybean cv. Santa Rosa [Glycine max] | |
| 246 | 1 |
_a[Annals of the 2. National Seminar of Soybean Research] _bv. 1 |
|
| 500 | _aAnais do 2. Seminario Nacional de Pesquisa de Soja Londrina, PR (Brasil): 1982. p. 544-553 [17 ref.; Summaries (En, Pt)] (BR8300859-AMS) | ||
| 773 | 0 |
_tAnais do 2. Seminario Nacional de Pesquisa de Soja _b _wF60 BR8300859 _gLondrina, PR (Brasil), 1982. p. 544-553 |
|
| 650 | _aSOJA | ||
| 650 | _aOLEO | ||
| 650 | _aGRAO | ||
| 650 | _aANALISE QUIMICA | ||
| 490 |
_aDocumentos - Centro Nacional de Pesquisa de Soja (Brazil) _vno. 1 _xISSN 0101-5494 |
||
| 942 |
_cAMS _2AGRIS |
||
| 909 |
_a202506 _bLúcia _c55 _dLúcia Elande |
||
| 999 |
_c334412 _d334412 |
||